Návrh metodického postupu vytvárania kompetenčného modelu pre vybranú kategóriu zamestnancov v ŽOS Trnava, a.s. : Diplomová práca

Gespeichert in:
Bibliographische Detailangaben
1. Verfasser: Kollár, Tomáš, 1983- (Verfasst von)
Weitere Verfasser: Holková, Andrea (Betreuung Doktorarbeit)
Format: Manuskript Buch
Sprache:Slowakisch
Veröffentlicht: Trnava : STU v Bratislave MTF UPMK, 2011
Schlagworte:
Online-Zugang:VAIS
Tags: Tag hinzufügen
Keine Tags, Fügen Sie das erste Tag hinzu!

MARC

LEADER 00000ntm a22000003a 4500
001 stu227427
005 20160719160537.9
008 110617s2011----xo------------------slo-d
040 |a STU  |b slo 
041 0 |a slo 
044 |a xo 
100 1 |a Kollár, Tomáš,  |d 1983-  |4 aut  |X 33409  |7 A000033409 
242 0 0 |a Proposal for a methodology of creating a competency model for the selected category of employees in ŽOS Trnava, a.s.   |y eng 
245 1 |a Návrh metodického postupu vytvárania kompetenčného modelu pre vybranú kategóriu zamestnancov v ŽOS Trnava, a.s. :  |b Diplomová práca 
260 |a Trnava :  |b STU v Bratislave MTF UPMK,  |c 2011 
300 |a 70 s., CD-ROM 
650 7 |a methodology  |2 estusub 
650 7 |a competency  |2 estusub 
650 7 |a priemyselné manažérstvo  |2 stusub 
650 7 |a Industrial Management  |2 estusub 
700 1 |a Holková, Andrea  |4 ths  |u M4000  |U MTF Materiálovotechnologická fakulta  |T MTF Ústav priemyselného inžinierstva a manažmentu  |U M4000  |Y 84 
856 4 |a info a plný text  |u http://is.stuba.sk/zp/portal_zp.pl?podrobnosti=66989  |3 VAIS 
996 |c M*DP-10083  |l MMSKP  |s P  |a 0  |w stu227427_0001